The intellectual information system for management of geological and technical arrangements during oil field exploitation; Journal of Physics: Conference Series; Vol. 803 : Information Technologies in Business and Industry (ITBI2016)

Détails bibliographiques
Parent link:Journal of Physics: Conference Series
Vol. 803 : Information Technologies in Business and Industry (ITBI2016).— 2017.— [012093, 6 p.]
Auteur principal: Markov N. G. Nikolai Grigorevich
Collectivité auteur: Национальный исследовательский Томский политехнический университет (ТПУ) Институт кибернетики (ИК)
Autres auteurs: Vasilyeva E. E. Ekaterina Evgenievna, Evsyutkin I. V. Ivan Viktorovich
Résumé:Title screen
The intellectual information system for management of geological and technical arrangements during oil fields exploitation is developed. Service-oriented architecture of its software is a distinctive feature of the system. The results of the cluster analysis of real field data received by means of this system are shown.
Langue:anglais
Publié: 2017
Sujets:
Accès en ligne:http://dx.doi.org/10.1088/1742-6596/803/1/012093
http://earchive.tpu.ru/handle/11683/38161
Format: MixedMaterials Électronique Chapitre de livre
KOHA link:https://koha.lib.tpu.ru/cgi-bin/koha/opac-detail.pl?biblionumber=654370

MARC

LEADER 00000naa2a2200000 4500
001 654370
005 20231227113008.0
035 |a (RuTPU)RU\TPU\network\19964 
035 |a RU\TPU\network\19960 
090 |a 654370 
100 |a 20170425a2017 k y0engy50 ba 
101 0 |a eng 
105 |a y z 100zy 
135 |a drgn ---uucaa 
181 0 |a i  
182 0 |a b 
200 1 |a The intellectual information system for management of geological and technical arrangements during oil field exploitation  |f N. G. Markov, E. E. Vasilyeva, I. V. Evsyutkin 
203 |a Text  |c electronic 
300 |a Title screen 
320 |a [References: 10 tit.] 
330 |a The intellectual information system for management of geological and technical arrangements during oil fields exploitation is developed. Service-oriented architecture of its software is a distinctive feature of the system. The results of the cluster analysis of real field data received by means of this system are shown. 
461 0 |0 (RuTPU)RU\TPU\network\3526  |t Journal of Physics: Conference Series 
463 0 |0 (RuTPU)RU\TPU\network\19875  |t Vol. 803 : Information Technologies in Business and Industry (ITBI2016)  |o International Conference, 21–26 September 2016, Tomsk, Russian Federation  |o [proceedings]  |f National Research Tomsk Polytechnic University (TPU) ; eds. N. V. Martyushev ; V. S. Avramchuk ; V. A. Faerman  |v [012093, 6 p.]  |d 2017 
610 1 |a электронный ресурс 
610 1 |a труды учёных ТПУ 
610 1 |a интеллектуальные информационные системы 
610 1 |a геолого-технические мероприятия 
610 1 |a эксплуатация 
610 1 |a нефтяные месторождения 
610 1 |a сервис-ориентированные архитектуры 
610 1 |a программное обеспечение 
610 1 |a кластерный анализ 
700 1 |a Markov  |b N. G.  |c Doctor of Engineering, Professor of TPU  |c Russian specialist in Informatics and Computing  |f 1950-  |g Nikolai Grigorevich  |3 (RuTPU)RU\TPU\pers\24811  |9 11026 
701 1 |a Vasilyeva  |b E. E.  |c specialist in the field of informatics and computer technology  |c programmer Tomsk Polytechnic University  |f 1992-  |g Ekaterina Evgenievna  |3 (RuTPU)RU\TPU\pers\36910 
701 1 |a Evsyutkin  |b I. V.  |c Specialist in the field of informatics and computer technology  |c associate professor, candidate of technical sciences of Tomsk Polytechnic University  |f 1992-  |g Ivan Viktorovich  |3 (RuTPU)RU\TPU\pers\46679  |9 22335 
712 0 2 |a Национальный исследовательский Томский политехнический университет (ТПУ)  |b Институт кибернетики (ИК)  |3 (RuTPU)RU\TPU\col\18397 
801 2 |a RU  |b 63413507  |c 20201204  |g RCR 
856 4 |u http://dx.doi.org/10.1088/1742-6596/803/1/012093 
856 4 |u http://earchive.tpu.ru/handle/11683/38161 
942 |c BK